| 000 | 00920nam a22002417a 4500 | ||
|---|---|---|---|
| 999 |
_c671 _d671 |
||
| 003 | AR-CdUCM | ||
| 008 | 190225b ||||| |||| 00| 0 spa d | ||
| 040 |
_aMUNICIPALIDAD PROVINCIAL DEL CUSCO _cBIBLIOTECA MUNICIPAL DEL CUSCO |
||
| 082 |
_a909 / _bG861 |
||
| 100 |
_aGrimberg, Carl _91720 |
||
| 245 |
_aEl siglo de la Ilustración / _cCarl Grimberg |
||
| 260 |
_aEspaña : _bEdiciones Daimon, _c1973. |
||
| 300 |
_a448 páginas. : _bilustraciones, mapas, fotografías ; _c18 cm. |
||
| 440 |
_aHistoria Universal Daimon _91721 |
||
| 505 | _aContenido: La Francia de Luis XV -- El despotismo ilustrado y los enciclopedistas -- Los Hannover, en Inglaterra -- Sociedad y Cultura inglesas -- El reino de Prusia | ||
| 650 |
_aHistoria _9246 |
||
| 650 |
_aInglaterra _91396 |
||
| 650 |
_aRacionalismo _92602 |
||
| 650 |
_aMontesquiu _92603 |
||
| 650 |
_aRousseau _92604 |
||
| 942 |
_2ddc _cLIBROS |
||
| 945 |
_anom _d2019-02-25 |
||